Engineering mechanics. (Record no. 332550)

000 -LEADER
fixed length control field 00947cam a2200265 a 4500
001 - CONTROL NUMBER
control field 13500196
003 - CONTROL NUMBER IDENTIFIER
control field NUST
005 - DATE AND TIME OF LATEST TRANSACTION
control field 20180125092745.0
008 - FIXED-LENGTH DATA ELEMENTS--GENERAL INFORMATION
fixed length control field 040224s2010 njua 001 0 eng
010 ## - LIBRARY OF CONGRESS CONTROL NUMBER
LC control number 2009278794
020 ## - INTERNATIONAL STANDARD BOOK NUMBER
International Standard Book Number 9780136077916
020 ## - INTERNATIONAL STANDARD BOOK NUMBER
International Standard Book Number 0136077919
040 ## - CATALOGING SOURCE
Original cataloging agency DLC
Transcribing agency DLC
Modifying agency DLC
050 00 - LIBRARY OF CONGRESS CALL NUMBER
Classification number TA352
Item number .H5 2010
082 00 - DEWEY DECIMAL CLASSIFICATION NUMBER
Classification number 620.1054 HIB
Edition number 22
100 1# - MAIN ENTRY--PERSONAL NAME
Personal name Hibbeler, R. C.
9 (RLIN) 1019
245 10 - TITLE STATEMENT
Title Engineering mechanics.
Name of part/section of a work Dynamics /
Statement of responsibility, etc. R.C. Hibbeler.
250 ## - EDITION STATEMENT
Edition statement 12th ed.
260 ## - PUBLICATION, DISTRIBUTION, ETC.
Place of publication, distribution, etc. Upper Saddle River, NJ :
Name of publisher, distributor, etc. Prentice Hall,
Date of publication, distribution, etc. c2010.
300 ## - PHYSICAL DESCRIPTION
Extent xv, 732 p. :
Other physical details col. ill. ;
Dimensions 25 cm.
500 ## - GENERAL NOTE
General note Includes index.
501 ## - WITH NOTE
With note H.B
650 #0 - SUBJECT ADDED ENTRY--TOPICAL TERM
Topical term or geographic name entry element Dynamics.
9 (RLIN) 7202
906 ## - LOCAL DATA ELEMENT F, LDF (RLIN)
a 7
b cbc
c origcop
d 2
e ncip
f 20
g y-gencatlg
942 ## - ADDED ENTRY ELEMENTS (KOHA)
Source of classification or shelving scheme
Koha item type Reference
Call number prefix IESE
Holdings
Withdrawn status Lost status Source of classification or shelving scheme Damaged status Not for loan Collection code Permanent Location Current Location Shelving location Date acquired Total Checkouts Full call number Barcode Date last seen Price effective from Koha item type Total Renewals Date last checked out
            Institute of Environmental Science and Engineering (IESE) Institute of Environmental Science and Engineering (IESE) Reference 12/13/2017   620.1054 HIB IESE-1821 12/13/2017 12/13/2017 Reference    
            Institute of Environmental Science and Engineering (IESE) Institute of Environmental Science and Engineering (IESE) Text Books 12/19/2017 1 620.1054 HIB IESE-1918 10/16/2020 12/19/2017 Text Books 1 01/22/2020
            Institute of Environmental Science and Engineering (IESE) Institute of Environmental Science and Engineering (IESE) Text Books 12/19/2017 2 620.1054 HIB IESE-1919 01/05/2022 12/19/2017 Text Books 1 01/28/2020
            Institute of Environmental Science and Engineering (IESE) Institute of Environmental Science and Engineering (IESE) Text Books 12/19/2017 1 620.1054 HIB IESE-1920 10/27/2020 12/19/2017 Text Books   01/23/2020
            Institute of Environmental Science and Engineering (IESE) Institute of Environmental Science and Engineering (IESE) Text Books 12/19/2017 2 620.1054 HIB IESE-1921 10/19/2020 12/19/2017 Text Books 1 01/23/2020
            Institute of Environmental Science and Engineering (IESE) Institute of Environmental Science and Engineering (IESE) Text Books 12/19/2017 1 620.1054 HIB IESE-1922 10/23/2020 12/19/2017 Text Books 3 01/23/2020
© 2023 Central Library, National University of Sciences and Technology. All Rights Reserved.